000 00281nam a22001337a 4500
008 210607b ||||| |||| 00| 0 eng d
041 _aeng
080 _a611
082 _a611
100 _a6
101 _aANA
245 _aAnatomy Coloring Book
_cWynn Kapit
942 _2udc
_cBK
999 _c58041
_d58041